| 000 | 00585nam a2200193 a 4500 | ||
|---|---|---|---|
| 005 | 20230602063537.0 | ||
| 008 | 991125s1992 mx 000 0 spa u | ||
| 020 | _a9682941784 | ||
| 035 | _aUPN01000025143 | ||
| 049 | _aI | ||
| 050 | 4 |
_aPZ73 M6 _bH5 |
|
| 100 | 1 |
_aHinojosa, Francisco, _d1954- _928902 |
|
| 245 | 1 | 3 |
_aLa fórmula del doctor Funes / _cFrancisco Hinojosa ; il. Mauricio Gómez Morín. |
| 260 |
_aMéxico : _bFCE : _bSEP, _c1992. |
||
| 300 |
_a79 p. : _bil. |
||
| 440 | 0 |
_aLibros del rincón. _pBiblioteca escolar |
|
| 650 | 4 |
_aCuentos mexicanos _96937 |
|
| 905 | _aInfantil | ||
| 999 |
_c25143 _d25143 |
||